000 00447nam a22001817a 4500
003 MPLRDC
005 20220104123628.0
008 210129b ||||| |||| 00| 0 eng d
020 _a7-80557-516-9
082 _a628.58 CC
100 _a陈驰
245 _a黄埔军魂
_c
250 _a一版二刷
260 _a
_b哈尔滨出版社
_c1994
300 _b
650 _a中国现代史; 民国史--中日战争
942 _cBK
_o628.58 CC
999 _c12924
_d12914